000 00519nam a22001932 4500
001 0000004120
005 20170406115557.0
008 140815s xx 000 0 eng d
020 _c$
040 _aYour Holding Symbol
_cYour Holding Symbol
100 1 _aFuller,Edmund.
245 1 0 _aAdventures in American literature.
250 _a ed.
260 _aNew york :
_bHarcourt,
_c1963.
300 _a848 p. :
_bill ;
_c cm.
504 _aindex.
650 0 _aamerican literature.
908 _a140815
999 _c3961
_d3961